书目信息 |
| 题名: |
船舶电机与拖动基础
|
|
| 作者: | 甘世红, , 林叶春, 主编 | |
| 分册: | ||
| 出版信息: | 上海 上海浦江教育出版社 2015 |
|
| 页数: | 218页 | |
| 开本: | 26cm | |
| 丛书名: | ||
| 单 册: | ||
| 中图分类: | U665 | |
| 科图分类: | ||
| 主题词: | 船舶--chuan bo--电机--高等学校--教材 , 船舶--chuan bo--电力传动--高等学校--教材 | |
| 电子资源: | ||
| ISBN: | 978-7-81121-388-1 | |
| 000 | 01035nam0 2200289 450 | |
| 001 | 1650742531 | |
| 005 | 20150812150258.4 | |
| 010 | @a978-7-81121-388-1@dCNY38.00 | |
| 100 | @a20150707d2015 em y0chiy50 ea | |
| 101 | 0 | @achi |
| 102 | @aCN@b310000 | |
| 105 | @aa a 000yy | |
| 106 | @ar | |
| 200 | 1 | @a船舶电机与拖动基础@Achuan bo dian ji yu tuo dong ji chu@f甘世红, 林叶春主编 |
| 210 | @a上海@c上海浦江教育出版社@d2015 | |
| 215 | @a218页@c图@d26cm | |
| 300 | @a符合STCW78/10公约要求 | |
| 320 | @a有书目 (第218页) | |
| 330 | @a本书共十章, 内容包括: 电磁学基本知识, 电力拖动系统动力学基础, 变压器, 直流电机, 直流电机的电力拖动, 交流异步电机的电力拖动, 同步电机, 控制电机, 电力拖动系统中电动机的选择等。 | |
| 333 | @a高等学校教材 | |
| 606 | 0 | @a船舶@Achuan bo@x电机@x高等学校@j教材 |
| 606 | 0 | @a船舶@Achuan bo@x电力传动@x高等学校@j教材 |
| 690 | @aU665@v5 | |
| 701 | 0 | @a甘世红,@Agan shi hong@f1970-@4主编 |
| 701 | 0 | @a林叶春,@Alin ye chun@f1967-@4主编 |
| 801 | 0 | @aCN@b人天书店@c20150707 |
| 905 | @aBZT@dU665@e2 | |
| 船舶电机与拖动基础/甘世红, 林叶春主编.-上海:上海浦江教育出版社,2015 |
| 218页:图;26cm |
| 符合STCW78/10公约要求.-使用对象:高等学校教材 |
| ISBN 978-7-81121-388-1:CNY38.00 |
| 本书共十章, 内容包括: 电磁学基本知识, 电力拖动系统动力学基础, 变压器, 直流电机, 直流电机的电力拖动, 交流异步电机的电力拖动, 同步电机, 控制电机, 电力拖动系统中电动机的选择等。 |
| ● |
| 相关链接 |
|
|
|
正题名:船舶电机与拖动基础
索取号:U665/2
 
预约/预借
| 序号 | 登录号 | 条形码 | 馆藏地/架位号 | 状态 | 备注 |
| 1 | 819482 | 2000819482 | 第二书库/ [索取号:U665/2] | 在馆 | |
| 2 | 819483 | 2000819483 | 第二书库/ [索取号:U665/2] | 在馆 | |
| 3 | 819484 | 2000819484 | 第二书库/ [索取号:U665/2] | 在馆 |